000 00580cam a22002053a 4500
001 44965
003 PGUSA
005 20140828084028.0
008 140219s2014||||xxu|||||s|||||000 | eng d
040 _aPGUSA
_beng
042 _adc
100 1 _aKincaid, J.
_q(John),
_d1787-1862
245 1 0 _aRandom Shots From a Rifleman
_h[electronic resource] /
_cJ. Kincaid
260 _bProject Gutenberg,
_c2014
506 _aPublic domain in the USA.
516 _aElectronic text
830 0 _aProject Gutenberg
_v44965
856 4 0 _uhttp://www.gutenberg.org/ebooks/44965
942 _cEB
999 _c274216
_d274216